00927nam a22002417a 4500010001100000020000700011035001100018037001600029040001200045082001700057100002200074245011100096246000600207260004400213270005200257300002400309500005000333650003500383650003500418942002600453999001900479952018700498 a822173 c00 a822173 bCen Lib/Ret aDPLbEN a329.954bMIS aMisra, B.B.93993 aThe indian political parties :cby B.B. Misra ban historical analysis of political behaviour up to 1947 / b  bOxford University Press c1976a Delhi  b Delhi e110002a2/11, ansari road dariya ganj  axv, 665p.c21cm(Hb) aIncludes bibliographical references and index aPolitical Sciences z 9108304 aBureaucratic Dominances 93995 2ddccENh329.954mMIS c123073d123073 04104070aLbLd2015-06-02eCen Lib/Retg0.00l0o329.954 MISp822173r2015-06-02 00:00:00t1v0.00w2015-06-02yENzWritten off on approval by DLB (By Circulation); dtd 15-06-2023